NPBプロ野球 通算長打数ランキング - Statistics

General Stats
  • This quiz has been taken 24 times
  • The average score is 29 of 50
Answer Stats
順位 名前 通算長打 通算二塁打 通算三塁打 通算本塁打 現役※ % Correct
16 坂本勇人 789 469 22 298
100%
1 王貞治 1315 422 25 868
95%
6 長嶋茂雄 936 418 74 444
90%
7 山本浩二 929 372 21 536
90%
11 清原和博 882 345 12 525
90%
12 中村剛也 855 361 13 481
90%
2 野村克也 1077 397 23 657
85%
46 山田哲人 661 327 23 311
85%
4 門田博光 969 383 19 567
80%
32 ラミレス 720 328 12 380
80%
3 張本勲 996 420 72 504
75%
8 衣笠祥雄 900 373 23 504
70%
10 落合博満 896 371 15 510
70%
14 小久保裕紀 818 381 24 413
70%
17 小笠原道大 787 385 24 378
70%
19 ローズ 782 311 7 464
70%
38 立浪和義 696 487 38 171
70%
13 秋山幸二 855 377 41 437
65%
22 福本豊 772 449 115 208
65%
37 松中信彦 697 330 15 352
65%
5 金本知憲 953 440 37 476
60%
9 山内一弘 898 448 54 396
60%
15 大杉勝男 811 306 19 486
60%
20 中村紀洋 780 363 13 404
60%
21 山崎武司 772 355 14 403
60%
23 阿部慎之助 770 355 9 406
60%
30 新井貴浩 728 387 22 319
60%
42 原辰徳 680 273 25 382
60%
43 丸佳浩 679 353 37 289
60%
26 福留孝介 744 409 50 285
55%
28 和田一浩 731 375 37 319
50%
44 松井稼頭央 677 411 65 201
50%
48 田淵幸一 653 167 12 474
50%
18 土井正博 785 309 11 465
45%
33 村田修一 719 349 10 360
45%
40 川上哲治 688 408 99 181
45%
41 浅村栄斗 681 351 24 306
45%
45 前田智徳 665 353 17 295
45%
50 井口資仁 644 367 26 251
45%
27 稲葉篤紀 739 429 49 261
40%
35 榎本喜八 702 409 47 246
35%
36 松田宣浩 701 333 67 301
35%
25 加藤秀司 751 367 37 347
30%
29 大島康徳 730 330 18 382
30%
47 江藤慎一 656 274 15 367
30%
49 谷沢健一 646 348 25 273
25%
24 松原誠 751 405 15 331
20%
31 有藤通世 722 328 46 348
15%
34 田中幸雄 714 394 33 287
15%
39 山崎裕之 692 371 51 270
15%
No matching quizzes found
Score Distribution
Percent of People with Each Score
Percentile by Number Answered
Your Score History
You have not taken this quiz